000 02228nam a22003737a 4500
003 KnowledgeUnlatched
005 20210303105915.0
006 m o d
007 cr u||||||||||
008 210129p20192021xx o u00| u eng d
037 _5BiblioBoard
245 0 0 _aPsychology in Edgar Allan Poe
_cGerardo Del Guercio.
020 _a9783832549404
024 8 _ahttps://doi.org/10.30819/4940
029 1 _ahttps://library.biblioboard.com/ext/api/media/48733f67-c67b-4abc-8c78-329153e9c84c/assets/thumbnail.jpg
040 _aScCtBLL
_cScCtBLL
506 0 _aAccess copy available to the general public.
_fUnrestricted
_2star
700 1 _aDel Guercio, Gerardo
_eeditor.
264 1 _bLogos Verlag Berlin,
300 _a1 online resource (1 p.)
520 _aThis collection offers six critical essays on the topic of psychology in Edgar Allan Poe. It came together as a response to a visible absence of this subject in recent scholarship. The volume presents Edgar Allan Poe as one of the pioneers in psychology, who often anticipated major theoretical trends and ideas in psychology in his incessant explorations of the relationship between behavior and the psyche. Scrutinizing serial killer narratives, obsessive narratives through Jungian unconscious, Lacanian Das Ding, doppelgängers, intersubjectivity, and the interrelationship between the material world and imaginative faculties, the essays reveal the richness and the complexity of Poe's work and its pertinence to contemporary culture.
588 0 _aDescription based on print version record.
590 _aKU Select 2020: HSS Backlist Books
650 7 _aTechnology & Engineering / Agriculture
_2bisacsh
650 7 _aPsychology
_2bisacsh
650 7 _aPhilosophy
_2bisacsh
650 0 _aPhilosophy
655 0 _aElectronic books.
758 _iIs found in:
_aKnowledge Unlatched
_1https://openresearchlibrary.org/module/2774bc74-146a-484f-a7ba-ab1d6a09bbfb
856 4 0 _uhttps://openresearchlibrary.org/content/48733f67-c67b-4abc-8c78-329153e9c84c
_zView this content on Open Research Library.
_70
999 _c32295
_d32295